Detalles MARC
| 000 -CABECERA |
| campo de control de longitud fija |
02008aam a2200409 a 4500 |
| 001 - NÚMERO DE CONTROL |
| campo de control |
000751818 |
| 003 - IDENTIFICADOR DEL NÚMERO DE CONTROL |
| campo de control |
AR-BaBN |
| 005 - FECHA Y HORA DE LA ÚLTIMA TRANSACCIÓN |
| campo de control |
20250619114031.0 |
| 007 - CAMPO FIJO DE DESCRIPCIÓN FÍSICA--INFORMACIÓN GENERAL |
| campo de control de longitud fija |
ta |
| 008 - DATOS DE LONGITUD FIJA--INFORMACIÓN GENERAL |
| campo de control de longitud fija |
100222s1983 mx gr 001 0 spa |
| 015 ## - NÚMERO DE BIBLIOGRAFÍA NACIONAL |
| Número de bibliografía nacional |
AR-1983 |
| 020 ## - NÚMERO INTERNACIONAL ESTÁNDAR DEL LIBRO |
| Número Internacional Estándar del Libro |
9686050086 |
| 040 ## - FUENTE DE LA CATALOGACIÓN |
| Centro catalogador/agencia de origen |
AR-BaBN |
| Lengua de catalogación |
|
| Centro/agencia transcriptor |
|
| Normas de descripción |
|
| 080 1# - NÚMERO DE LA CLASIFICACIÓN DECIMAL UNIVERSAL |
| Número de la Clasificación Decimal Universal |
159.964.2 |
| Identificador de la edición |
2016 |
| 100 1# - ENTRADA PRINCIPAL--NOMBRE DE PERSONA |
| Nombre de persona |
Masotta, Oscar |
| Fechas asociadas al nombre |
1930-1979 |
| Término indicativo de función/relación |
autor |
| Código de función/relación |
aut |
| 245 10 - MENCIÓN DE TÍTULO |
| Título |
Lecciones de introducción al psicoanálisis / |
| Mención de responsabilidad, etc. |
Oscar Masotta. |
| 250 ## - MENCIÓN DE EDICIÓN |
| Mención de edición |
1a ed. en México. |
| 260 ## - PUBLICACIÓN, DISTRIBUCIÓN, ETC. (PIE DE IMPRENTA) |
| Lugar de publicación, distribución, etc. |
México : |
| Nombre del editor, distribuidor, etc. |
Gedisa, |
| Fecha de publicación, distribución, etc. |
1983. |
| 300 ## - DESCRIPCIÓN FÍSICA |
| Extensión |
123 p. ; |
| Dimensiones |
20 cm. |
| 490 0# - MENCIÓN DE SERIE |
| Mención de serie |
Psicoteca Mayor. Serie Freudiana / serie dirigida por Oscar Masotta |
| 500 ## - NOTA GENERAL |
| Nota general |
En tapa: «4a edición». |
| 505 0# - NOTA DE CONTENIDO CON FORMATO |
| Nota de contenido con formato |
I. Origen del psicoanálisis. Sexualidad y saber. Labilidad del objeto de la pulsión. El sexo como escisión -- II. Falo y nivel de derecho. Lugar teórico de la falta. La pulsión de saber. La histeria y la defensa. Deseo y lenguaje -- III. Lapsus y querer decir. Comunicación y comprensión. El significante. El chiste es modelo -- IV. El sueño y la realización del deseo. El deseo es articulación. El tercero deseante y la “pareja” de la histérica. Dora, Isabel de R. -- V. Psicoanálisis, medicina, saber. El cuerpo se erogeniza en un mal lugar -- VI. La función del corte. El padre y la figura. El padre muerto. Totem y tabú: bricolage de discursos. |
| 650 #4 - PUNTO DE ACCESO ADICIONAL DE MATERIA--TÉRMINO DE MATERIA |
| Término de materia o nombre geográfico como elemento inicial |
Psicologia |
| 9 (RLIN) |
108 |
| 650 #4 - PUNTO DE ACCESO ADICIONAL DE MATERIA--TÉRMINO DE MATERIA |
| Término de materia o nombre geográfico como elemento inicial |
Psicoanalisis |
| 700 ## - PUNTO DE ACCESO ADICIONAL--NOMBRE DE PERSONA |
| Nombre de persona |
Masotta, Oscar |
| 930 #1 - EQUIVALENCIA O REFERENCIA CRUZADA-ENCABEZAMIENTO DE TÍTULO UNIFORME [LOCAL, CANADÁ] |
| Lenguaje de la obra |
BNA01 |
| Medio de interpretación para música |
LIBRO |
| Enlace |
00884906 |
| Enlace entre campo y número de secuencia |
20110912 |
| Fecha de publicación/de la obra |
11 |
| Versión |
02 |
| Número de parte o sección de la obra |
002 |
| Mención de arreglo para música |
000751818 |
| 942 ## - ELEMENTOS DE PUNTO DE ACCESO ADICIONAL (KOHA) |
| Fuente del sistema de clasificación o colocación |
Clasificación Decimal Universal |
| Tipo de ítem Koha |
Libros |
| 956 ## - LOCALIZACIÓN Y ACCESO ELECTRÓNICOS LOCAL (OCLC) |
| Nombre del host |
GSL |
| Número de acceso |
00 |
| Información sobre la compresión |
20110916 |
| Proceso de conexión (Logon) |
BNA01 |
| Procesador de la petición |
0056 |
| 956 ## - LOCALIZACIÓN Y ACCESO ELECTRÓNICOS LOCAL (OCLC) |
| Nombre del host |
GSL |
| Información sobre la compresión |
20130614 |
| Proceso de conexión (Logon) |
BNA01 |
| Procesador de la petición |
2018 |
| 956 ## - LOCALIZACIÓN Y ACCESO ELECTRÓNICOS LOCAL (OCLC) |
| Nombre del host |
CATAU |
| Número de acceso |
20 |
| Información sobre la compresión |
20140827 |
| Proceso de conexión (Logon) |
BNA01 |
| Procesador de la petición |
1712 |
| 956 ## - LOCALIZACIÓN Y ACCESO ELECTRÓNICOS LOCAL (OCLC) |
| Nombre del host |
CATAU |
| Número de acceso |
20 |
| Información sobre la compresión |
20140827 |
| Proceso de conexión (Logon) |
BNA01 |
| Procesador de la petición |
1725 |
| 956 ## - LOCALIZACIÓN Y ACCESO ELECTRÓNICOS LOCAL (OCLC) |
| Nombre del host |
BARTOLOME |
| Número de acceso |
20 |
| Información sobre la compresión |
20170906 |
| Proceso de conexión (Logon) |
BNA01 |
| Procesador de la petición |
1818 |
| 956 ## - LOCALIZACIÓN Y ACCESO ELECTRÓNICOS LOCAL (OCLC) |
| Nombre del host |
DSCOTT |
| Número de acceso |
20 |
| Información sobre la compresión |
20180803 |
| Proceso de conexión (Logon) |
BNA01 |
| Procesador de la petición |
1457 |
| 956 ## - LOCALIZACIÓN Y ACCESO ELECTRÓNICOS LOCAL (OCLC) |
| Nombre del host |
DSCOTT |
| Número de acceso |
20 |
| Información sobre la compresión |
20180803 |
| Proceso de conexión (Logon) |
BNA01 |
| Procesador de la petición |
1502 |
| 956 ## - LOCALIZACIÓN Y ACCESO ELECTRÓNICOS LOCAL (OCLC) |
| Nombre del host |
BATCH-UPD |
| Número de acceso |
20 |
| Información sobre la compresión |
20181012 |
| Proceso de conexión (Logon) |
BNA01 |
| Procesador de la petición |
1145 |
| 956 ## - LOCALIZACIÓN Y ACCESO ELECTRÓNICOS LOCAL (OCLC) |
| Nombre del host |
MFIGUEIRA |
| Número de acceso |
20 |
| Información sobre la compresión |
20240723 |
| Proceso de conexión (Logon) |
BNA01 |
| Procesador de la petición |
1031 |